|
|
|
|
| LEADER |
00774nam a22001817a 4500 |
| 008 |
140430b xxu||||| |||| 00| 0 eng d |
| 999 |
|
|
|c 6258
|d 6258
|
| 020 |
|
|
|a 9788122609547
|
| 082 |
|
|
|a 894.1301
|b PAR
|
| 100 |
|
|
|a പരമേശ്വരന്, സുനില്
|
| 240 |
|
|
|a Chembumookkuthi
|
| 245 |
|
|
|a ചെമ്പുമൂക്കുത്തി /
|c സുനില് പരമേശ്വരന്
|
| 260 |
|
|
|a തൃശൂര് :
|b കറന്റ് ബുക്സ്,
|c 2012.
|
| 300 |
|
|
|a 143p.
|
| 650 |
|
|
|a Stories
|
| 700 |
|
|
|a Parameswaran, Sunil
|
| 942 |
|
|
|2 ddc
|c BK
|
| 952 |
|
|
|0 0
|1 0
|2 ddc
|4 0
|6 894_130100000000000_PAR
|7 0
|9 9037
|a MAIN
|b MAIN
|d 2014-04-30
|e Current Books, Thrissur
|g 90.00
|l 2
|o 894.1301 PAR
|p 9558
|r 2016-11-16
|s 2016-11-11
|t 1
|w 2014-04-30
|y BK
|